000 00474nam a2200181Ia 4500
005 20250326125953.0
008 250326s9999 xx 000 0 und d
037 _aTextbook
040 _aFMSL
_beng
_cFMSL
041 _aeng
_2eng
084 _aY N8
_qFMSL
100 _aGovt.of India
245 0 _aIndian labour statistics 1968
_cGovt.of India
260 _aDelhi
_bDelhi, Division
_c1968
300 _a270p
942 _cTB
_hY N8
999 _c1280383
_d1280383